[Event "RUS-Cup03 Geller Memorial"]
[Site "Moscow"]
[Date "1999.02.11"]
[Round "2"]
[White "Chekhov, Valery A"]
[Black "Atalik, Ekaterina"]
[Result "1-0"]
[WhiteElo "2511"]
[BlackElo "2336"]
[Annotator "Mueller,Karsten"]
[PlyCount "53"]
[EventDate "1999.02.10"]
[EventType "swiss"]
[EventRounds "9"]
[EventCountry "RUS"]
[SourceTitle "CBM 070"]
[Source "ChessBase"]
[SourceDate "1999.06.08"]
[SourceVersion "1"]
[SourceVersionDate "1999.06.08"]
[SourceQuality "1"]

1. e4 d5 2. exd5 Qxd5 3. Nc3 Qa5 4. d4 Nf6 5. Nf3 c6 6. Bc4 Bf5 7. Bd2 e6 8.
Nd5 Qd8 9. Nxf6+ gxf6 10. c3 Qc7 $6 11. Nh4 Bg6 12. Qf3 Nd7 13. Qh3 $1 {
+/- (Z.Almasi in Inf 63)} (13. Bf4 Bd6 14. Bxd6 Qxd6 15. Qg3 Qxg3 16. hxg3
O-O-O $11 {0-1 Van der Wiel,J-Hansen,C/Ter Apel 1993/CBM 35 (46)}) 13... Bg7 (
13... Rg8 $2 14. Bxe6 $18 {(Almasi)}) 14. Qg3 $5 $146 (14. O-O O-O-O (14... O-O
$5 {ist eine Anregung von Matthias Wahls}) 15. b4 $1 $40 {1-0 Almasi,
Z-Kindermann,S/Osterreich 1995/Inf 63/[Almasi,Z] (40)}) 14... Qxg3 15. hxg3
O-O-O 16. O-O-O Nb6 17. Be2 Bf8 $6 {nun erhält Weiß nach Sxg6 nicht nur das
Läuferpaar, sondern zusätzlich Möglichkeiten, die schwarzen Königsflügelbauern
unter Beschuß zu nehmen.} (17... Nd5 $142 $14) 18. Nxg6 fxg6 19. Rh4 Rd7 20.
Rdh1 c5 21. Bb5 Rc7 (21... Rd5 22. Rxh7 Rxh7 23. Rxh7 cxd4 24. Be8 $16) 22. Re1
cxd4 (22... a6 $5 23. Rxe6 axb5 24. Rxb6 cxd4 25. Rxb5 dxc3 26. Bxc3 Bc5 $14 {
/+/-}) 23. Rxe6 Bc5 24. Rh1 $2 {mit dem Rest der Züge habe ich gewisse
Probleme. Ging es wirklich so weiter ?} ({Mein Vorschlag für das Ende lautet:} 
24. Rhe4 Rd8 25. Re8 Nd7 26. Bf4 {1-0}) 24... Rd8 $2 (24... dxc3 $142) 25. Re8
$2 Nd7 $2 (25... Rxe8 26. Bxe8 dxc3 $17) 26. Rxd8+ Kxd8 27. Bf4 (27. Bf4 Ne5
$11) 1-0

[Event "Linares Anibal op 04th"]
[Site "Linares"]
[Date "1997.??.??"]
[Round "4"]
[White "Bellin, Robert"]
[Black "Georgiev, Vladimir"]
[Result "0-1"]
[WhiteElo "2400"]
[BlackElo "2515"]
[Annotator "Mueller,Karsten"]
[PlyCount "90"]
[EventDate "1997.02.??"]
[EventType "swiss"]
[EventRounds "10"]
[EventCountry "ESP"]
[SourceTitle "CBM 058"]
[Source "ChessBase"]
[SourceDate "1997.06.01"]
[SourceVersion "1"]
[SourceVersionDate "1997.06.01"]
[SourceQuality "1"]

1. e4 d5 2. exd5 Nf6 3. Bb5+ Bd7 4. Be2 Nxd5 5. d4 Bf5 6. Nf3 e6 7. O-O Be7 8.
c4 {läßt Nb4 zu.} (8. a3 O-O (8... Nd7 9. c4 N5b6 10. Nc3 O-O 11. b4 Bf6 12.
Be3 c6 13. Qb3 Qe7 14. Rac1 Rfd8 15. Rfd1 $14 {Kirpichnikov,V-Sangla,P/URS-chT
Moscow 1967 1/2-1/2 (42)}) 9. c4 Nb6 (9... Nf6 10. h3 (10. Be3 Nbd7 11. Nh4 Bg6
12. Nxg6 hxg6 13. Nc3 c6 14. f4 c5 15. d5 $14 {Mrva,M-Spacek,P/CSR-ch 1992 1-0
(39)}) (10. Nc3 Nbd7 11. Nh4 Bg6 12. Bf3 c6 13. Nxg6 hxg6 14. Qe2 Qc7 15. Re1
$14 {Kogan,A-Liardet,F/Biel op 1995 1/2-1/2 (63)}) 10... Nbd7 11. Nc3 h6 12. b4
Nb6 13. Bf4 Ne4 14. Qb3 Nxc3 15. Qxc3 Bf6 16. Ne5 $14 {Sedina,E-Susterman,A/
Erevan olw 1996 1-0 (26)}) 10. Nc3 Nc6 (10... Bf6 11. Be3 (11. h3 Nc6 12. Be3
Qd7 13. g4 Bg6 14. g5 Bd8 15. Ne5 Nxe5 16. dxe5 Qc8 17. Qd4 Be7 18. Qg4 Nd7 19.
Qg3 c6 20. Rad1 $13 {Podlesnik,B-Loncar,R/Maribor 1996 0-1 (34)}) 11... Nc6 12.
b3 (12. b4 Qd7 13. Rc1 Rfd8 14. c5 Nd5 15. Nxd5 Qxd5 16. Bc4 Qe4 17. Nd2 Qh4
18. Nf3 Qh5 $11 {Casa,A-Maric,R/Monte Carlo-B 1969/0-1 (79)}) 12... Qe7 (12...
Qd7 13. Ra2 Rfd8 14. Rd2 Qe7 15. Qc1 Rd7 16. Rfd1 Rad8 17. Qb2 a6 18. h3 h6 19.
b4 $14 {Acs,P-Palkovi,J/Budapest FS04 GM 1996 1-0 (43)}) 13. c5 Nd5 14. Nxd5
exd5 15. b4 a6 16. Re1 Rfe8 17. Qd2 Be4 $11 {Svidler,P-Terekhin,A/St.
Petersburg op 1994 1/2-1/2 (37)}) (10... c5 11. dxc5 Bxc5 12. b4 Be7 13. Qb3
Nc6 14. Be3 a6 15. Rac1 Nd7 16. Rfd1 $14 {Tseshkovsky,V-Saulin,D/RUS-ch Elista
1995 1/2-1/2 (34)}) 11. Be3 Bg4 (11... Bf6 12. b3 Qe7 13. c5 Nd5 14. Nxd5 exd5
15. Qd2 h6 16. Rfe1 Nd8 17. Bd3 Bxd3 18. Qxd3 Ne6 $11 {Nadyrhanov,S-Aung,A/
ASIA-chT 1993/1-0 (67)}) 12. b3 Bf6 13. Ne4 Bxf3 14. Nxf6+ Qxf6 15. Bxf3 Rfd8
16. Bxc6 bxc6 17. Qg4 {1/2-1/2 Bronstein,D-Gipslis,A/Tallinn 1975}) 8... Nb4 (
8... Nb6 9. Nc3 Nc6 (9... O-O 10. Be3 Nc6 11. h3 Bf6 12. Rc1 h6 13. Qd2 Qd7 14.
Rfd1 Rad8 15. d5 Ne5 16. Nxe5 Bxe5 17. Bd4 Bxd4 18. Qxd4 Rfe8 19. Qh4 exd5 20.
c5 Nc8 21. Rxd5 Qe7 22. Rxd8 Rxd8 23. Qf4 $14 {Dueball,J-Oswald,H/GER-CupT
1992/1/2-1/2 (56)}) 10. d5 exd5 11. cxd5 Nb4 12. Nd4 Bc8 13. Bf3 O-O 14. Nc2
Bf5 15. Nxb4 Bxb4 16. Qd4 Qe7 17. Bd2 Bc5 18. Qf4 Qf6 19. Nb5 Bd3 20. Qxf6 gxf6
21. Rfc1 Bd6 22. Nxd6 cxd6 $14 {Matanovic,A-Karaklajic,N/Belgrade 1954/1-0 (70)
}) (8... Nf6 9. Nc3 (9. Qb3 Qc8 10. Nc3 O-O 11. h3 Nbd7 12. Nh4 Bg6 13. Nxg6
hxg6 14. Bf3 c6 15. Bf4 $14 {Murrey,J-Chevaldonnet,F/FRA-chT 1994 1-0 (29)})
9... O-O 10. h3 h6 11. Be3 Nbd7 12. Qb3 Qc8 13. Rad1 Rd8 14. Bf4 Ne4 15. Nxe4
Bxe4 16. Nd2 Bg6 17. Bf3 c6 18. Ne4 $14 {Stefansson,H-Bruneau,L/Oviedo rapid
1993 1-0 (31)}) 9. Nc3 (9. Na3 $5 O-O (9... N8c6 10. Be3 O-O 11. Qb3 a5 12.
Rfd1 Bf6 13. Rd2 a4 14. Qd1 Ne7 15. Ne5 $14 {Honfi,K-Dely,P/HUN-ch 1973 1-0 
(26)}) 10. Be3 (10. Bf4 N8c6 11. Nb5 Rc8 12. a3 a6 13. d5 axb5 14. dxc6 Nd3 15.
cxb7 Rb8 16. Bxd3 Bxd3 17. Ne5 Bxf1 18. Qxf1 Qe8 19. cxb5 $11 {Kupreichik,
V-Gipslis,A/Norresundby op 1993/1-0 (59)}) 10... c6 (10... a5 11. Qd2 Nd7 12.
Rfd1 Nf6 13. Ne5 Qc8 14. g4 Bg6 15. Bf3 Nd7 16. Nxd7 Qxd7 17. Bxb7 Rab8 18. Bg2
Nd3 19. c5 e5 20. Qc3 Qxg4 21. Rxd3 $16 {Stefansson,H-Gipslis,A/WchT Luzern
1993 1-0 (37)}) (10... Nd7 11. Qb3 a5 12. Rfd1 c6 13. Ne5 Nxe5 14. dxe5 Qc7 15.
f4 Rfd8 16. Rxd8+ Rxd8 17. Rd1 Rxd1+ 18. Bxd1 g5 19. Nc2 gxf4 20. Bxf4 Bc5+ 21.
Kf1 Nd3 22. Bg3 Qd8 23. Qxb7 Nb4 {0-1 Tiefenbacher,R-Wildner,R/AUT-chT2S 1994})
11. Qd2 Nd7 12. Ne1 e5 13. Nac2 Nxc2 14. Nxc2 Bxc2 15. Qxc2 exd4 16. Bxd4 Bf6
17. Rfd1 Qe7 18. Be3 Nc5 {1/2-1/2 Wittmann,W-Haas,G/Manila olm 1992}) (9. Ne1
$6 O-O (9... c5 10. Bf3 N8c6 11. a3 Na6 12. Bxc6+ bxc6 13. Qa4 Qb6 14. d5 O-O
15. Nc3 Bf6 16. Qxc6 Qxc6 17. dxc6 Rfc8 $15 {Gizynski,T-Dejkalo,S/Porabka 1987/
0-1 (49)}) 10. a3 N4c6 (10... N4a6 11. Nc3 c6 12. Nf3 Nd7 13. Bf4 $14 {
Filipowicz,A-Dejkalo,S/POL-chT Porabka 1986/1-0 (68)}) 11. Be3 Bf6 12. Nf3 Nd7
13. Nc3 Nb6 14. h3 h6 15. b4 Bh7 16. Rc1 $14 {Baron Rodriguez,J-Galego,L/La
Coruna op 1996/1-0 (47)}) 9... Nc2 10. Rb1 O-O (10... Bf6 $6 11. d5 $1 O-O {
[%tqu "De","Kann Weiß seine Initiative ausbauen ?","","","g2g4","schwächt zwar
die Rochadestellung, ist aber wegen der Bindung des Lf5 an den Sc2 taktisch
gerechtfertigt.",4]} 12. g4 $1 Bg6 13. g5 Be7 14. Nh4 Nb4 15. Nxg6 hxg6 16.
dxe6 $16 {Läuferpaar}) 11. Bd3 (11. Bf4 $6 g5 $5 {(Fritz4)} (11... Bf6 $5) 12.
Bg3 (12. g4 Bg6 13. Bg3 Bf6 14. Be5 Nc6 15. Bxf6 Qxf6 16. d5 Rfd8 $15) 12... g4
13. Ne5 Nxd4 14. Bd3 Bxd3 15. Qxd3 f5 $13) 11... Nxd4 12. Nxd4 Qxd4 13. Bxf5
Qxd1 14. Bxh7+ Kxh7 15. Rxd1 $11 {Weiß sollte nicht wirklich schlecht stehen,
muß in der Folge aber aufpassen, daß sich die Schwäche des Feldes d4 und die
schwarze Mehrheit im Zentrum nicht zu sehr bemerkbar macht.} Na6 16. Be3 Rfd8
17. Kf1 Nb4 18. Bf4 Rac8 19. Ke2 Bf6 20. Ne4 Bd4 21. a3 Nc6 22. b4 e5 23. Be3
f5 24. Ng5+ Kg6 25. Nf3 Bxe3 26. fxe3 (26. Kxe3 $5) 26... Kf6 27. b5 Na5 28. c5
g6 29. h3 e4 30. Nd4 Rd5 31. c6 b6 32. h4 Nc4 33. a4 Rcd8 34. g3 R8d6 35. Rbc1
Ne5 36. Rf1 Ng4 37. Rcd1 Ke5 38. h5 {[%tqu "De","Schwarz zieht und...","","",
"g4e3","gewinnt einfach einen Bauern",3]} Nxe3 $1 $17 39. Kxe3 Rxd4 40. Rxd4
Rxd4 41. h6 (41. hxg6 {[%tqu "De","Wie läßt Schwarz keine Gegenchancen mehr zu
?","","","d4d6","der g-Bauer muß sofort beseitigt werden, sonst bekommt Weiß
ausreichendes Gegenspiel.",4,"d4d3","",0]} Rd6 $1 (41... Rd3+ $2 42. Kf2 $1 (
42. Ke2 $2 Rxg3 $19) 42... Kf6 (42... Rf3+ 43. Kg2 Kf6 $11 (43... Rxf1 $4 44.
g7 $1 $18)) (42... Rd6 $2 43. Rh1 Rxg6 44. Rh7 {ist nicht im Sinne von Schwarz.
}) 43. Rh1 Rf3+ 44. Kg2 Kxg6 45. Rh8 Ra3 46. Rc8 Rxa4 47. Rxc7 Rb4 48. Rc8 Rc4
49. Kf2 Rc5 50. c7 Kg7 51. Ke3 $11) (41... Rd8 $2 42. g7 Rd3+ (42... Rg8 $2 43.
g4 fxg4 44. Rf7 $16) 43. Kf2 Rd2+ 44. Ke3 Rd3+ $11) 42. Rh1 Rxg6 43. Rh7 Rxg3+
44. Kd2 Rd3+ 45. Kc2 (45. Ke2 Rd4 46. Rxc7 Rxa4 $19) 45... Ra3 46. Rxc7 Rxa4
47. Kb3 Ra5 48. Kb4 Ra1 $19) 41... Rd3+ 42. Ke2 Kf6 43. g4 (43. Rh1 Rd8 44. h7
Rh8 45. Ke3 g5 46. g4 fxg4 47. Kxe4 Kg6 $19) 43... Rh3 44. Rg1 f4 45. g5+ Kf5
0-1

[Event "Yangon zt"]
[Site "Yangon"]
[Date "1998.12.11"]
[Round "4"]
[White "Antonio, Rogelio Jr"]
[Black "Roca, Petronio"]
[Result "0-1"]
[WhiteElo "2540"]
[BlackElo "2365"]
[Annotator "Mueller,Karsten"]
[PlyCount "80"]
[EventDate "1998.12.??"]
[EventType "swiss"]
[EventRounds "9"]
[EventCountry "BUR"]
[SourceTitle "CBM 069"]
[Source "ChessBase"]
[SourceDate "1999.04.01"]
[SourceVersion "1"]
[SourceVersionDate "1999.04.01"]
[SourceQuality "1"]

1. e4 d5 2. exd5 Qxd5 3. Nc3 Qa5 4. d4 c6 5. Bc4 Nf6 6. Qe2 Bf5 7. Bd2 Qc7 (
7... e6 {ist die Hauptvariante.}) 8. Nf3 (8. O-O-O Nbd7 9. Nf3 e6 10. Nh4 Bg6
11. g4 $14 {1-0 Teterev,V-Juranic,B/Tallinn 1997/EXT 97 (17)}) 8... e6 9. Ne5
Nbd7 10. h3 $6 $146 (10. O-O-O h5 11. Nxd7 (11. Bg5 $5) 11... Kxd7 12. f3 Rd8
13. Ne4 Kc8 14. Bg5 Be7 $11 {0-1 Thiel,T-Mueller,K/BL9798 Plettenberg-HSK 1997/
BL9798 (53)}) 10... Nxe5 11. dxe5 Nd7 12. O-O-O $2 {dieses Bauernopfer ist zu
gewagt} (12. Bf4 $142 $11) 12... Qxe5 13. Qf3 O-O-O 14. Bg5 Re8 15. Rhe1 (15.
Ba6 Qc7 16. Bf4 Qb6 $17) (15. Bf4 Qa5 $17 (15... Qf6 $4 16. Rxd7 Kxd7 17. Rd1+
Kc8 $2 18. Qxc6+ bxc6 19. Ba6#)) 15... Qa5 16. Nb5 (16. Ba6 Nb8 $1 $17) 16...
cxb5 17. Qxf5 {[%tqu "De","Gibt es noch eine Verteidigung ?","Bei Weiß sind
bereits die Dame und ein Läufer angegriffen. Lassen sich die Fesselungen, die
sie indirekt verteidigen, abschütteln ?","Es ist ein Läuferzug","f8e7",
"unterbricht die Fesselung auf der e-Linie und greift zusätzlich den Läufer g5
auch noch an",5,"e6f5","so geht es allerdings nicht:",-2]} Be7 $1 {[%mdl 256]}
(17... exf5 $4 18. Rxe8+ Kc7 19. Bd8+ $18) (17... Bb4 $2 18. Qxf7 bxc4 (18...
Bxe1 19. Bxe6 Kb8 20. Rxd7 $40) 19. Qxd7+ Kb8 20. Bf4+ Ka8 21. c3 {und Weiß
steht nicht schlechter.}) 18. Bxe6 $6 (18. Bxb5 $5 exf5 19. Bxd7+ Kb8 (19...
Kc7 20. Bf4+ (20. Bxe7 $2 Qxe1 21. Rxe1 Kxd7 $19) 20... Kb6 21. Be3+ Bc5 22.
Bxc5+ Qxc5 23. Bxe8 Qxf2 $17) 20. Bxe7 Rxe7 21. Rxe7 Qxa2 22. c3 Rd8 $17) 18...
fxe6 $19 19. Qg4 Bxg5+ 20. Qxg5 Kb8 (20... Qxa2 $5 $19) 21. Qxg7 Nb6 22. Rxe6
Rxe6 23. Qxh8+ Nc8 24. a3 Qc7 25. Rd3 $2 {macht die schwarze Aufgabe erheblich
einfacher als} (25. Qf8 Re2 26. Qf5) 25... Qf4+ 26. Kb1 Re1+ 27. Ka2 Qc4+ 28.
Rb3 a5 29. Qc3 Qf1 30. Qg3+ Ka7 31. Rd3 Nb6 32. Kb3 Re4 33. Ka2 Re1 34. Kb3 Nd5
$1 35. a4 (35. Rxd5 $2 Qc4#) 35... Re4 36. c3 bxa4+ (36... Qb1 {setzt gemäß
Fritz5 in 6 Zügen matt.}) 37. Kc2 Re1 38. Qg4 $6 Qxf2+ (38... Rc1+ 39. Kd2 Qe1#
) 39. Rd2 Ne3+ 40. Kd3 Qf1+ 0-1

[Event "New York op"]
[Site "New York"]
[Date "1998.03.20"]
[Round "7"]
[White "Shabalov, Alexander"]
[Black "Minasian, Artashes"]
[Result "0-1"]
[WhiteElo "2615"]
[BlackElo "2570"]
[Annotator "Mueller,Karsten"]
[PlyCount "80"]
[EventDate "1998.03.16"]
[EventType "swiss"]
[EventRounds "9"]
[EventCountry "USA"]
[SourceTitle "CBM 064"]
[Source "ChessBase"]
[SourceDate "1998.06.02"]
[SourceVersion "1"]
[SourceVersionDate "1998.06.02"]
[SourceQuality "1"]

1. e4 d5 2. exd5 Qxd5 3. Nc3 Qa5 4. g3 Nf6 5. Bg2 c6 6. Nf3 Bf5 7. b4 $5 (7.
O-O e6 8. h3 h6 9. d3 Nbd7 10. Qe2 Be7 11. a3 O-O 12. Ne4 Bh7 $11 {Mainka,
R-Wahls,M/GER-ch 1994/EXT 94ch/0-1 (42)}) (7. d3 e6 8. O-O Be7 9. h3 (9. Bf4
O-O 10. Qd2 Qd8 11. a3 Nbd7 12. b4 a6 13. h3 Nd5 14. Nxd5 exd5 15. Nd4 $14 {
Vasiukov,E-Bagirov,V/St.Petersburg Furman 1995/EXP 50/1/2-1/2 (56)}) (9. Qe2
Nbd7 10. h3 O-O 11. Bd2 Qc7 12. Nh4 $14 {Buenermann,V-Hebbinghaus,H/GER-chJT
Leipzig 1995/JUN 95/1/2-1/2 (43)}) (9. Bd2 Nbd7 10. Qe2 Qb6 11. Rab1 O-O 12. b4
a6 13. a4 h6 14. h3 $14 {1-0 Seul,G-Jackelen,T/Bonn GSK-2 1995/EXT 95 (36)})
9... h6 10. Qe2 Nbd7 11. Bd2 (11. Nd2 Nd5 12. Nc4 Qd8 13. Re1 N7b6 14. Ne5 O-O
15. Bd2 $14 {Rozentalis,E-Beulen,M/Mondorf op 1991/EXT 91op/1-0 (46)}) 11...
Qb6 12. Rab1 a5 13. Kh1 O-O 14. Ne4 Nxe4 15. dxe4 Bg6 16. Bf4 $14 {1/2-1/2
Mainka,R-Meyer,C/BL9495 1995/BL 90 (24)}) 7... Qc7 8. O-O e6 9. Rb1 Be7 (9...
Bd6 10. d3 O-O 11. a3 a6 12. Nd2 Nbd7 13. Nc4 $14 {1-0 Hickl,J-Kroekel,B/Bad
Ragaz op 1993/TD 93\07 (62)}) 10. b5 O-O 11. d3 Nbd7 12. bxc6 bxc6 13. Nd4 Bg4
14. Qe1 Nd5 15. Nxd5 ({Ich sehe nach} 15. Bxd5 $5 cxd5 16. Nxd5 exd5 17. Qxe7
Rfe8 18. Bf4 {keine ausreichende Kompensation für den Bauern. Shabalov
versucht sogar noch h3 Lh5 einzuschieben und unterschätzt dabei das folgende
Figurenopfer.}) 15... cxd5 16. h3 (16. Bxd5 Rab8 (16... exd5 {siehe unter 15.
Lxd5}) 17. Rxb8 (17. Bf4 Qc5 18. Rxb8 Nxb8 19. Bxe6 (19. Nxe6 Qxd5 20. Nxf8 Nc6
$13) 19... Bxe6 20. Nxe6 fxe6 21. Qxe6+ Kh8 $132) 17... Nxb8 18. Bg2 e5 $132)
16... Bf6 $1 {mehr oder weniger erzwungen} 17. Nb5 Qxc2 18. Na3 Qxa2 19. hxg4
Rfc8 {zwar hat Schwarz nur 2 Bauern für den Läufer, doch ist der
Wirkungsbereich der weißen Figuren recht eingeschränkt (auch Harmonie und
Koordination lassen zu wünschen übrig). Insbesondere der Springer a3 und der
Läufer g2 haben Probleme.} 20. Qa5 $6 (20. Qe3 $5) 20... Nc5 21. g5 (21. Rd1
Nb3 22. Qa6 Nd4 $44) 21... Be5 22. Be3 $6 Nxd3 23. Rfd1 Bc3 $1 (23... Nb2 $6
24. Rdc1 Rxc1+ 25. Rxc1 Bd6 26. Nc4 $132) 24. Qa6 Nb4 25. Qa4 a5 26. Rb3 $2 (
26. Qb3 $15) 26... Nc2 27. Rc1 $6 (27. Rdb1 Nxe3 28. fxe3 Bb4 $17) 27... Nxe3
$19 28. fxe3 (28. Rbxc3 $2 Rxc3 29. Rxc3 Qa1+ $19) 28... Qd2 29. Rc2 Qxe3+ 30.
Kh2 Qe5 31. Qg4 Bb4 32. Re2 Qd6 33. Nb5 Qb6 34. Na3 Rc3 35. Rxc3 Bxc3 36. Qf3
Rc8 37. Rc2 {der Rest der Partie ist wohl durch hochgradige Zeitnot
gekennzeichnet (oder die Notation weist einen Fehler auf...)} Rc7 $4 (37... Qb3
38. Rf2 Rc7 39. Nc2 a4 $19) 38. Bf1 $4 (38. Rxc3 $18) 38... Bd4 39. Nc4 Qb4 40.
Rd2 $2 Rxc4 0-1

[Event "Linares Anibal op 04th"]
[Site "Linares"]
[Date "1997.??.??"]
[Round "4"]
[White "Ardeleanu, Alin"]
[Black "Rodriguez Vila, Andres"]
[Result "0-1"]
[WhiteElo "2420"]
[BlackElo "2565"]
[Annotator "Mueller,Karsten"]
[PlyCount "90"]
[EventDate "1997.02.??"]
[EventType "swiss"]
[EventRounds "10"]
[EventCountry "ESP"]
[SourceTitle "CBM 058"]
[Source "ChessBase"]
[SourceDate "1997.06.01"]
[SourceVersion "1"]
[SourceVersionDate "1997.06.01"]
[SourceQuality "1"]

1. e4 d5 2. exd5 Qxd5 3. Nc3 Qa5 4. Nf3 Nf6 5. h3 {der folgende weiße Aufbau
überzeugt mich wegen seiner positionellen Überschärfe nicht} Bf5 6. b4 (6. Bc4
{läßt die Sache ruhiger angehen, z.B.} e6 7. O-O Nbd7 8. d3 c6 9. Re1 O-O-O 10.
Bf4 Nb6 11. Nd2 Nbd5 12. Bxd5 cxd5 13. Nb3 Qa6 14. Nd4 Bg6 15. Ncb5 Ne8 16. a4
Nd6 17. Qd2 Rd7 18. Nxe6 $3 (18. Nf3 $18) (18. Qc3+ $18) 18... fxe6 19. Rxe6 d4
(19... Kd8 20. Qc3 Nxb5 21. Bg5+ Be7 (21... Re7 22. Qe5 (22. Bxe7+ $6 Bxe7 23.
Qxg7 (23. Rxa6 $4 Nxc3 24. Rxa7 Kc7 25. bxc3 Kb6 $19) 23... Qxe6 24. Qxh8+ Kc7
25. axb5 Bf6 26. Qf8 $16) 22... Kd7 23. Rxe7+ Bxe7 24. Qxe7+ Kc8 25. Bf4 Re8
26. Qc5+ Kd7 27. Qxb5+ $18) 22. Qe5 b6 (22... Qxe6 $4 23. Qb8#) 23. Qb8+ Qc8
24. Bxe7+ Rxe7 25. Qxc8+ Kxc8 26. Rxe7 $18) 20. Bg3 Bf7 21. Rxd6 Bxd6 22. Nxd6+
Rxd6 23. Qf4 Rhd8 24. Qxf7 R6d7 25. Qf4 Rd6 26. Qf5+ Re6 27. Re1 Rde8 28. Re5 {
1-0 Speelman,J-Summerscale,A/BCF-ch Eastbourne 1990}) 6... Qb6 (6... Qxb4 $2 7.
Rb1 Qd6 8. Rxb7 c6 9. d4 $14 {spielt Weiß in die Karten.}) 7. a4 $6 (7. a3 c6
8. Bc4 e6 9. O-O Be7 10. d3 O-O 11. Nh4 (11. Qe2 Nbd7 12. Nh4 Bg6 13. Nxg6 hxg6
14. Bd2 Bd6 15. Ne4 Nxe4 16. dxe4 $11 {Murrey,J-Westerinen,H/Brighton 1983/1/
2-1/2 (58)}) 11... Bg6 12. Nxg6 hxg6 13. Re1 Re8 14. Bb2 Nbd7 15. Qf3 Qc7 16.
Bb3 Nb6 17. Ne4 Nxe4 18. Rxe4 $14 {1-0 Murrey,J-Schmid,W/Zuerich op 1992 (42)})
7... e5 8. a5 (8. Nxe5 $2 Bxb4 9. Bb5+ c6 10. Bc4 O-O 11. O-O Qd4 $17) 8... Qe6
(8... Qxb4 $2 9. Ba3 Qf4 10. g3 Qh6 11. Bxf8 Rxf8 12. Qb1 $40) 9. Ng5 Qd7 10.
Bc4 Bg6 11. b5 h6 12. Nf3 Bd6 $11 13. d3 O-O 14. O-O c6 15. a6 bxa6 16. bxa6
Bc7 17. Ba3 Re8 18. Rb1 Nd5 19. Nxd5 cxd5 20. Bb5 Nc6 21. Nh4 Re6 (21... Bh7 $5
) 22. Qg4 Qd8 23. c3 (23. Qxe6 $2 fxe6 24. Bxc6 Qxh4 25. Bxa8 Qa4 26. Bc5 Qxc2
(26... Qxa6 $6 27. Ra1) 27. Rfc1 Qxd3 28. Rb7 Ba5 29. Rxa7 Bd2 30. Rf1 Qb5 $17)
23... Bh7 24. Nf5 Qf6 25. Ne3 Qd8 26. Nf5 (26. Nxd5 $2 Qxd5 27. Bc4 Qd7 28.
Bxe6 Qxe6 29. Qxe6 fxe6 30. Rb7 Bb6 $19) 26... Bxf5 27. Qxf5 Rc8 28. Qh5 Nb8
29. c4 d4 30. c5 Nxa6 31. Bc4 Rf6 32. Rb7 Nb8 33. Rxa7 Nc6 34. Ra6 Ra8 35. Rxc6
$2 (35. Rxa8 Qxa8 36. Ra1 $11) 35... Rxc6 $19 36. Qxf7+ Kh8 37. Qd5 (37. Bd5 $2
Rf6 $19) 37... Rf6 38. Bb4 Rb8 39. Ba3 Qxd5 40. Bxd5 Ra6 41. Ra1 e4 42. Kf1 (
42. Bxe4 $2 Rxa3 $19) 42... exd3 43. f3 d2 44. Ke2 Ba5 45. Rd1 Bc3 0-1